[Event "IM Marmaris Karia IV 2019"]
[Site "Marmaris"]
[Date "2019.01.30"]
[Round "8.4"]
[White "Mammadov, Zaur"]
[Black "Mammadova, Narmin"]
[Result "0-1"]
[WhiteElo "2448"]
[BlackElo "2219"]
[Annotator "TA"]
[PlyCount "80"]
[EventDate "2019.01.27"]
[EventType "schev"]
[EventCountry "TUR"]
[SourceTitle "playchess.com"]
[Source "ChessBase"]
[SourceQuality "1"]

{[%evp 15,80,50,60,56,70,53,82,59,66,65,82,56,53,32,70,72,80,80,88,81,133,36,72,64,93,64,101,93,139,85,88,44,48,45,74,0,10,-56,0,0,0,-39,0,0,0,-52,-56,-50,-38,-67,0,-2,0,0,0,0,0,0,0,0,0,0,0,-489,-489,-468,-464]} 1. c4 e5 2. g3 Nc6 3. Bg2 Nf6 4. Nc3 d6 5. e3 Be7 6. Nge2 O-O 7. O-O Re8 8. d4 Bf8 {LiveBook: 4 Games} 9. b3 {A25: English Opening vs King's Indian with ...Nc6 but without early d3} h6 $146 ({Predecessor:} 9... h5 10. h3 g6 11. d5 Nb8 12. e4 h4 13. g4 Nh7 14. Be3 Be7 15. Kh1 Nd7 16. f4 exf4 17. Nxf4 {1-0 (31) Belous,V (2573)-Torre,E (2468) Olongapo City 2015}) 10. Bb2 exd4 11. Nxd4 {White is better.} Ne5 12. Qc2 c6 13. Rad1 Bg4 14. f3 {[%cal Bf2f3,Bf3f4][%mdl 32]} Bd7 15. Rfe1 Qc8 16. f4 $36 {[%mdl 2048] Keeping Black busy.} Ng6 17. e4 Bg4 (17... h5 $142) 18. Bf3 (18. Rc1 $16) 18... Bxf3 19. Nxf3 Qc7 20. Nd4 Nd7 21. Kg2 a5 22. a3 (22. Nf5 $142) 22... Rad8 23. h4 Nf6 24. Nf5 h5 25. b4 (25. Na4 $16) 25... Ng4 $11 26. b5 (26. Na4 $11) 26... Ne7 (26... d5 $1 $15 27. cxd5 cxd5) 27. Nxe7+ Rxe7 28. a4 Rde8 29. Ba3 Re6 30. bxc6 ({White should play} 30. Qd3 $11) 30... bxc6 $15 31. Re2 Qa7 32. Rde1 Qd4 (32... g6 $15) 33. Nd1 $11 f5 {[%cal Re6e4]} 34. Bb2 Qc5 35. exf5 Rxe2+ 36. Rxe2 Rxe2+ 37. Qxe2 {[#] And now Qe6+ would win.} Qxf5 38. Bc3 d5 39. cxd5 $2 {[%mdl 8192]} (39. Bxa5 $11 {and White is okay.} dxc4 40. Qxc4+ Kh7 41. Bd2) 39... Qxd5+ $19 40. Qf3 {[#]} Qxd1 $1 {[%mdl 512] Precision: White = 47%, Black = 34%.} 0-1

[Event "IM Marmaris Karia IV 2019"]
[Site "Marmaris"]
[Date "2019.01.30"]
[Round "8.5"]
[White "Pacher, Milan"]
[Black "Alaz, Ahmet Efekan"]
[Result "1/2-1/2"]
[WhiteElo "2442"]
[BlackElo "2218"]
[Annotator "NA"]
[PlyCount "129"]
[EventDate "2019.01.27"]
[EventType "schev"]
[EventCountry "TUR"]
[SourceTitle "playchess.com"]
[Source "ChessBase"]
[SourceQuality "1"]
[TimeControl "5400+30"]

1. d4 {[%emt 0:01:30]} d5 {[%emt 0:00:30]} 2. c4 {[%emt 0:00:00]} c6 {[%emt 0:00:00]} 3. Nf3 {[%emt 0:00:00]} Nf6 {[%emt 0:00:00]} 4. e3 {[%emt 0:00:30]} Bg4 {[%emt 0:01:30]} 5. Nc3 {[%emt 0:00:00]} e6 {[%emt 0:00:30]} 6. Qb3 {[%emt 0:00:00]} Qb6 {[%emt 0:02:30]} 7. Nh4 {[%emt 0:00:30]} Nbd7 {[%emt 0:03:30]} 8. h3 {[%emt 0:01:30]} Bh5 {[%emt 0:01:30]} 9. g4 {[%emt 0:00:30]} Bg6 {[%emt 0:00:00]} 10. Nxg6 {[%emt 0:00:30]} hxg6 {[%emt 0:00:00]} 11. Bg2 {[%emt 0:00:30]} Be7 {[%emt 0:21:30]} 12. Bd2 {[%emt 0:01:30]} O-O {[%emt 0:00:30]} 13. cxd5 {[%emt 0:04:30]} Qxb3 {[%emt 0:04:30]} 14. axb3 {[%emt 0:00:00]} exd5 {[%emt 0:03:30]} 15. Ke2 {[%emt 0:04:00]} Nb6 {[%emt 0:06:30]} 16. Rhc1 {[%emt 0:00:30]} Bb4 {[%emt 0:02:30]} 17. Na4 {[%emt 0:02:30]} Bxd2 {[%emt 0:01:30]} 18. Kxd2 {[%emt 0:00:00]} Nbd7 {[%emt 0:01:30]} 19. b4 {[%emt 0:01:00]} a6 {[%emt 0:00:30]} 20. Nc5 {[%emt 0:00:30]} Nxc5 {[%emt 0:02:30]} 21. bxc5 {[%emt 0:00:00]} Rfe8 {[%emt 0:00:30]} 22. f3 {[%emt 0:00:00]} Re7 {[%emt 0:00:30]} 23. h4 {[%emt 0:05:30]} Rae8 {[%emt 0:03:30]} 24. Rc3 {[%emt 0:00:00]} Nh7 {[%emt 0:02:30]} 25. g5 {[%emt 0:01:00]} Nf8 {[%emt 0:05:30]} 26. Bh3 {[%emt 0:01:30]} Ne6 {[%emt 0:00:30]} 27. Rb3 {[%emt 0:00:30]} Rc7 {[%emt 0:02:30]} 28. f4 {[%emt 0:01:30]} Nd8 {[%emt 0:05:30]} 29. Bg4 {[%emt 0:01:30]} Ne6 {[%emt 0:09:11]} 30. Rh1 {[%emt 0:00:30]} Kf8 {[%emt 0:01:34]} 31. Kc3 {[%emt 0:02:30]} Nd8 {[%emt 0:11:10]} 32. Kb4 {[%emt 0:00:00]} Ke7 {[%emt 0:02:54]} 33. Ka5 {[%emt 0:00:00]} f5 {[%emt 0:00:32]} 34. Kb6 {[%emt 0:04:30]} Ne6 {[%emt 0:02:18]} 35. Bf3 {[%emt 0:00:30]} Ra8 {[%emt 0:00:19]} 36. Ra3 {[%emt 0:01:30]} Rh8 {[%emt 0:00:46]} 37. Raa1 {[%emt 0:00:30]} Kd8 {[%emt 0:03:07]} 38. h5 {[%emt 0:00:30]} gxh5 {[%emt 0:00:31]} 39. Rxh5 {[%emt 0:00:30]} Rxh5 {[%emt 0:00:18]} 40. Bxh5 {[%emt 0:00:00]} Nf8 $16 {[%emt 0:00:16]} 41. Rh1 {[%emt 0:00:00]} g6 {[%emt 0:00:46]} 42. Bd1 {[%emt 0:01:30]} Nh7 {[%emt 0:00:32]} 43. Rh6 {[%emt 0:01:30]} Nf8 {[%emt 0:00:27]} 44. Rh8 {[%emt 0:00:30]} Rf7 {[%emt 0:00:02]} 45. Rg8 {[%emt 0:00:30]} Ke8 {[%emt 0:00:48]} 46. Rh8 {[%emt 0:03:30]} Re7 {[%emt 0:00:35]} 47. b4 {[%emt 0:01:30]} Rf7 {[%emt 0:00:40]} 48. Ka7 {[%emt 0:01:30]} Rg7 {[%emt 0:00:40]} 49. Kb8 {[%emt 0:00:30]} Rd7 {[%emt 0:00:23]} 50. Kc8 {[%emt 0:01:30]} Re7 {[%emt 0:00:05]} 51. Rh2 {[%emt 0:02:30]} Rg7 {[%emt 0:00:58]} 52. Be2 {[%emt 0:02:30]} Re7 {[%emt 0:00:12]} 53. Bf1 {[%emt 0:00:00]} Rg7 {[%emt 0:00:21]} 54. Ra2 {[%emt 0:02:00]} Ne6 {[%emt 0:00:31]} 55. Kb8 {[%emt 0:02:30]} Nd8 {[%emt 0:00:53]} 56. Rh2 {[%emt 0:00:30]} Ne6 {[%emt 0:00:19]} 57. Bd3 {[%emt 0:00:30]} Re7 {[%emt 0:00:39]} 58. Rh3 {[%emt 0:00:30]} Nf8 {[%emt 0:00:13]} 59. Kc8 {[%emt 0:00:30]} Ne6 {[%emt 0:00:36]} 60. Rh1 {[%emt 0:01:30]} Rc7+ {[%emt 0:00:14]} 61. Kb8 {[%emt 0:00:00]} Re7 {[%emt 0:00:05]} 62. Ka7 {[%emt 0:00:00]} Nf8 {[%emt 0:00:53]} 63. Re1 {[%emt 0:01:30]} Kd8 {[%emt 0:00:41]} 64. Bc2 {[%emt 0:01:30]} Kc7 {[%emt 0:00:23]} 65. Re2 {[%emt 0:01:30]} 1/2-1/2

[Event "IM Marmaris Karia IV 2019"]
[Site "Marmaris"]
[Date "2019.01.31"]
[Round "9.1"]
[White "Ahmadzada, Ahmad"]
[Black "Darban, Morteza"]
[Result "1-0"]
[WhiteElo "2337"]
[BlackElo "2333"]
[Annotator "TA"]
[PlyCount "131"]
[EventDate "2019.01.27"]
[EventType "schev"]
[EventCountry "TUR"]
[SourceTitle "playchess.com"]
[Source "ChessBase"]
[SourceQuality "1"]

{[%evp 9,131,33,42,-15,2,10,66,66,68,70,79,68,129,123,100,86,118,123,123,117,164,161,227,224,219,219,223,223,264,225,237,235,237,236,237,236,231,222,226,160,168,147,151,134,120,117,121,62,87,77,90,63,139,106,168,181,338,335,306,285,275,371,348,368,328,351,327,332,337,335,293,275,252,224,230,222,229,227,222,203,29963,29963,29964,29967,29965,29965,29964,29965,29966,29967,29969,29970,29973,29974,29974,29973,29972,29972,29972,29973,29973,29974,29977,29974,29975,29976,29975,29976,29978,29978,29978,29979,29980,29981,29981,29982,29982,29983,29983,29984,29986,29986,29986,29987]} 1. e4 ({Predecessor:} 1. d4 g6 {½-½ (41) Andersen,L (2288)-Srebrnic,V (2227) Pula 2011}) 1... g6 2. d4 Bg7 3. Nc3 $146 (3. Be3 c5 {½-½ (59) Rechlis,G (2521)-Kobo,O (2494) St Petersburg 2018}) 3... c5 4. Be3 cxd4 5. Bxd4 Nf6 ({Predecessor:} 5... Bxd4 6. Qxd4 Nf6 7. Nd5 Nc6 8. Nxf6+ exf6 {½-½ (41) Andersen,L (2288)-Srebrnic,V (2227) Pula 2011}) 6. Nd5 {B06: Modern Defence} (6. e5 $14 Nh5 7. Qd2) (6. e5 Nh5 7. Qd2 d6 8. exd6 Qxd6 9. Nb5 Qc6 10. Nf3 O-O 11. Bxg7 Nxg7 12. O-O-O Nd7 13. Qb4 {½-½ (59) Rechlis,G (2521)-Kobo,O (2494) St Petersburg 2018}) 6... Nc6 7. Bxf6 Bxf6 (7... exf6 $11 8. c3 O-O) 8. Nxf6+ $14 {White is slightly better.} exf6 9. Qd6 Qe7 10. O-O-O ({Predecessor:} 10. Qxe7+ Kxe7 11. Bc4 d6 12. Ne2 Be6 13. Bb3 {½-½ (41) Andersen,L (2288)-Srebrnic,V (2227) Pula 2011}) 10... O-O (10... Qxe4 $14 11. Nh3 Qe7) 11. Qxe7 Nxe7 12. Nf3 Rd8 13. Rd6 f5 14. e5 b6 15. Bc4 h6 (15... Rf8 $142 16. h4 Rb8) 16. e6 $18 fxe6 {[#]} 17. Bxe6+ $1 {[%mdl 576] Pin} Kg7 (17... dxe6 18. Rxd8+) 18. Rhd1 g5 19. Bxd7 Bxd7 20. Rxd7 Rxd7 21. Rxd7 {[%mdl 4096] Endgame KRN-KRN} Kf6 22. Rd6+ Kg7 23. Nd4 f4 24. Re6 Ng6 25. Nf5+ Kf7 26. Rc6 h5 27. Nd6+ Kg7 28. Nb5 (28. h3 $16) 28... Re8 29. Kd2 ({Much weaker is} 29. Nxa7 $6 Re2 $11) 29... Re7 30. Nd4 Kf7 (30... Rd7 $14 31. Kc3 Ne5 32. Nf5+ Kf7) 31. h3 Ne5 (31... Rd7 $16 {might work better.}) 32. Rh6 h4 $2 (32... Rd7) 33. Rh7+ Kf6 {[#]} 34. Rxe7 $1 Kxe7 {KN-KN} 35. Nf3 Nf7 36. Kd3 Ke6 37. Kd4 Kf5 38. Kd5 g4 39. Nd4+ ({Not} 39. Nxh4+ Kg5 $14) 39... Kg5 {Threatens to win with ...f3.} 40. f3 gxh3 41. gxh3 Kf6 {intending ...Ng5.} 42. Ke4 Ng5+ 43. Kxf4 Nxh3+ 44. Kg4 {[%mdl 64] Double Attack} Ng1 $2 (44... Nf2+ $18 45. Kxh4 a6) 45. f4 {White mates.} Ke7 46. Kxh4 Kd6 47. Kg3 Kd5 48. c3 Ke4 49. Kg2 Kxf4 50. Kxg1 {KN-KPP} Ke3 51. Nb5 a5 52. c4 Kd3 53. Kf1 Kxc4 54. Na3+ Kd3 55. Ke1 b5 56. Kd1 b4 57. Nc2 Kc4 58. Kd2 a4 59. Ne3+ Kd4 60. b3 axb3 61. axb3 {KN-KP} Kc5 62. Kd3 Kb5 63. Kd4 Kb6 64. Kc4 Ka5 65. Kc5 Ka6 66. Kxb4 {Accuracy: White = 72%, Black = 37%.} 1-0

[Event "IM Marmaris Karia IV 2019"]
[Site "Marmaris"]
[Date "2019.01.31"]
[Round "9.2"]
[White "Tanriverdi, Enes"]
[Black "Haussernot, Cecile"]
[Result "1-0"]
[WhiteElo "2283"]
[BlackElo "2157"]
[Annotator "TA"]
[PlyCount "65"]
[EventDate "2019.01.27"]
[EventType "schev"]
[EventCountry "TUR"]
[SourceTitle "playchess.com"]
[Source "ChessBase"]
[SourceQuality "1"]

{[%evp 12,65,14,18,44,31,32,37,29,21,52,38,60,12,12,-4,-14,-75,-67,-153,-166,-160,-147,-153,-13,-16,26,32,20,22,33,37,109,113,178,22,181,206,156,66,59,66,76,0,144,0,923,941,915,932,1154,372,523,365,358,345]} 1. d4 d5 (1... Nf6 2. c4 e6 3. Nf3 d5 4. Nc3 {½-½ (52) Lupulescu,C (2620)-Gelfand,B (2737) Heraklio 2017}) 2. c4 c6 $146 ({Predecessor:} 2... e6 3. Nf3 Nf6 4. Nc3 dxc4 5. Qa4+ c6 {1-0 (36) Adames Rojas,A (1707)-Feliz Segura,R (1895) Santo Domingo 2016}) 3. Nf3 Nf6 4. Nc3 e6 5. Qd3 (5. Qb3 dxc4 {½-½ (52) Lupulescu,C (2620)-Gelfand,B (2737) Heraklio 2017}) 5... dxc4 6. Qxc4 b5 7. Qd3 h6 {D43: Semi-Slav: 5 Bg5 h6} (7... a6 8. Bg5 c5 9. a4 cxd4 10. Nxd4 bxa4 11. e3 Bb7 12. Be2 Nbd7 13. O-O Be7 14. Nxa4 O-O 15. Rfc1 Qa5 16. Bxf6 Nxf6 {½-½ (52) Lupulescu,C (2620)-Gelfand,B (2737) Heraklio 2017}) 8. e4 ({Predecessor:} 8. g3 Bb7 9. Bg2 Nbd7 10. a3 a6 11. O-O Be7 12. Rd1 O-O 13. b4 Rc8 14. Qc2 Nb6 15. Ne5 {1-0 (36) Adames Rojas,A (1707)-Feliz Segura,R (1895) Santo Domingo 2016}) 8... b4 {White must now prevent ...Ba6.} 9. Na4 Ba6 {White is slightly better.} 10. Qc2 Bxf1 11. Kxf1 Nbd7 12. Bd2 Rc8 13. Re1 Be7 14. h4 (14. g3 $11 {remains equal.}) 14... c5 $17 15. d5 (15. Nxc5 $15 Bxc5 16. dxc5) 15... exd5 16. exd5 {Hoping for d6.} O-O 17. Rh3 Nxd5 (17... Bd6 $17 18. b3 Qc7) 18. Bxh6 $1 $11 gxh6 (18... N7f6 $5 {[%cal Rg7h6]} 19. Bg5 Re8 $11) 19. Rg3+ Kh8 {Strongly threatening ...Bd6.} 20. Qd2 {[%cal Rd2h6][%mdl 64] Double Attack} Rc6 {aiming for ...Rd6.} 21. Qxd5 Rd6 (21... Rf6 $1 $14) 22. Qh5 $1 $16 Rf6 (22... f5 $16) 23. Kg1 $2 $40 {[%mdl 128] White has some attack.} (23. Qg4 Rg6 $11) ({White should try} 23. Ng5 $18) 23... Re8 $2 (23... Bd6 $11 {and Black stays safe.} 24. Rg4 Re8) 24. Ng5 $18 ({And not} 24. Qg4 Rg6 $11) 24... Bd6 25. Rge3 (25. Rxe8+ $16 Qxe8 26. Re3) 25... Rxe3 $14 26. Rxe3 Bf4 {[#]} 27. Re4 (27. Qxf7 $1 $16 {[%csl Gg5][%cal Rf7h7][%mdl 512]} Nf8 (27... Rxf7 28. Nxf7+) 28. Rd3) 27... Nf8 {[#]} (27... Bxg5 $1 $11 {keeps the balance.} 28. hxg5 Rg6) 28. g3 ({Better is} 28. Rxf4 $1 $16 {[%mdl 512]} Rxf4 29. Nxf7+ Rxf7 30. Qxf7) 28... Bxg3 $2 {[%mdl 8192]} (28... Bxg5 $11 29. hxg5 Rf5) 29. Nxf7+ $18 (29. fxg3 Qd3 $11) 29... Rxf7 30. Qxf7 Bxh4 31. Qf5 $2 (31. Re8 Qd1+ 32. Kh2 Qd6+ 33. Kh3) 31... Nh7 (31... Qf6 $142 32. Qxf6+ (32. Qxc5 Qg6+ {[%mdl 64] Double Attack} 33. Kf1 Qxe4 $11) 32... Bxf6 33. Nxc5 a5) 32. Qe5+ Bf6 33. Qe8+ {Accuracy: White = 32%, Black = 37%.} ({Stronger than} 33. Qxc5 Qd1+ 34. Kg2 Qxa4 $11) 1-0

[Event "IM Marmaris Karia IV 2019"]
[Site "Marmaris"]
[Date "2019.01.31"]
[Round "9.3"]
[White "Hamidi, Amir Mohammad"]
[Black "Mammadov, Zaur"]
[Result "0-1"]
[WhiteElo "2221"]
[BlackElo "2448"]
[Annotator "TA"]
[PlyCount "69"]
[EventDate "2019.01.27"]
[EventType "schev"]
[EventCountry "TUR"]
[SourceTitle "playchess.com"]
[Source "ChessBase"]
[SourceQuality "1"]

{[%evp 19,69,0,7,-7,0,0,0,0,0,0,0,0,0,0,0,0,0,0,166,175,160,168,168,164,164,157,132,114,122,124,132,115,119,6,12,9,10,-458,-452,-498,-496,-29991,-29992,-29992,-29993,-29993,-29994,-29994,-29995,-29995,-29996,-29996]} 1. e4 c6 2. Nc3 d5 3. Nf3 Bg4 4. h3 Bh5 5. exd5 cxd5 6. Bb5+ Nc6 7. g4 Bg6 8. Ne5 (8. d4 e6 9. Ne5 {0-1 (36) Fressinet,L (2662)-Kovalenko,I (2639) Katowice 2017}) 8... Rc8 9. d4 e6 10. h4 f6 11. h5 {B11: Caro-Kann: Two Knights Variation} (11. Bxc6+ bxc6 12. Nxg6 hxg6 13. Qd3 Kf7 14. Be3 Bd6 15. O-O-O Ne7 16. Ne2 Qa5 17. Kb1 Qb5 18. Qd2 Rb8 {0-1 (36) Fressinet,L (2662)-Kovalenko,I (2639) Katowice 2017}) 11... Be4 12. f3 fxe5 13. fxe4 {The position is equal.} Bb4 $146 ({Predecessor:} 13... exd4 14. Qxd4 Qd7 15. Be3 Nf6 16. O-O-O Nxd4 17. Bxd7+ Nxd7 18. Bxd4 e5 19. Bg1 d4 20. Nd5 Nf6 21. Nxf6+ gxf6 22. g5 fxg5 23. Rf1 h6 24. Bh2 {½-½ (24) Baron Rodriguez,J-Baigorri Navarro,F Aragon 1994}) 14. O-O {And now exd5 would win.} Bxc3 15. bxc3 dxe4 16. Ba3 Nh6 {Hoping for ...a6.} 17. dxe5 $40 {[%mdl 128] White is up to no good.} Qb6+ {[%mdl 64] Double Attack} 18. Kh1 Qxb5 $2 (18... Qe3 $1 $11 19. Qd6 Qh3+ {[%mdl 64] Double Attack} 20. Kg1 Qg3+ 21. Kh1 Qh3+ 22. Kg1 Qg3+ 23. Kh1 Qh3+) 19. Qd6 $1 $18 {[%cal Rd6e6]} Qd5 (19... Qxe5 $2 20. Rf8+ Rxf8 21. Qxf8+ Kd7 22. Rd1+ Kc7 23. Bd6+ Kb6 24. Rb1+ (24. Qxc8 Qf6 $11) 24... Nb4 25. Rxb4+ Ka5 26. Bxe5 $18) 20. Rf8+ Rxf8 21. Qxf8+ {[%mdl 64] Double Attack} Kd7 22. Qxg7+ {[%mdl 64] Double Attack} Kd8 {Strongly threatening ...e3+.} 23. Rf1 {[%cal Rf1f8]} (23. Qxh6 e3+ 24. Kh2 (24. Kg1 $2 Nxe5 25. Qg5+ Kd7 $19) 24... Qxe5+ 25. Kg2 (25. Kh3 e2 $19) 25... Kc7 $17) (23. Qh8+ $6 Kc7 $11) 23... e3+ 24. Kg1 {[%cal Rf1f8]} Nf5 25. gxf5 e2 26. Qg5+ (26. Re1 $1 $16 Qd2 27. Qf8+ Kc7 28. Qd6+ Qxd6 29. Bxd6+ Kd7 30. f6 (30. Rxe2 exf5 31. Rg2 Ke6 $11) 30... Rg8+ 31. Kh2) 26... Kc7 $11 27. Bd6+ Kd7 $1 28. Qg7+ $2 {[%mdl 8192] [#]} (28. Re1 $11 Nxe5 29. Qe7+ (29. Bxe5 Qxe5 {[%mdl 64] Double Attack} 30. fxe6+ Qxe6 $11) 29... Kc6 30. Bxe5 Qxe5 {[%mdl 64] Double Attack} 31. Qxe6+ Qxe6 32. fxe6) 28... Ne7 $1 $19 29. Qxe7+ Kc6 {( -> ...Rg8+)} 30. Re1 {[#]} (30. Qg5 $19 exf1=N 31. Kxf1 exf5 32. Qg2) 30... Rg8+ $1 {Black mates.} 31. Kf2 Rg2+ 32. Ke3 Rg3+ 33. Kxe2 Rg2+ 34. Ke3 Qd2+ {[%mdl 64] Double Attack} 35. Ke4 {Accuracy: White = 50%, Black = 93%.} 0-1

[Event "IM Marmaris Karia IV 2019"]
[Site "Marmaris"]
[Date "2019.01.31"]
[Round "9.4"]
[White "Mammadova, Narmin"]
[Black "Pacher, Milan"]
[Result "1-0"]
[WhiteElo "2219"]
[BlackElo "2442"]
[Annotator "TA"]
[PlyCount "65"]
[EventDate "2019.01.27"]
[EventType "schev"]
[EventCountry "TUR"]
[SourceTitle "playchess.com"]
[Source "ChessBase"]
[SourceQuality "1"]

{[%evp 16,65,26,20,47,42,35,28,86,68,92,68,113,97,151,139,147,102,96,110,131,77,84,82,84,84,80,79,97,98,208,192,200,156,149,120,133,135,252,214,265,205,365,360,443,366,895,886,885,860,1140,1097]} 1. e4 c5 $146 (1... e6 2. d4 d5 3. e5 c5 {1-0 (46) Predke,A (2603)-Kalezic,B (2463) Sarajevo 2018}) ({Predecessor:} 1... e6 2. d4 d5 3. e5 c5 {½-½ (61) Mammadov,Z (2456)-Hasanzade,T (2306) Baku 2016}) 2. c3 e6 3. d4 d5 4. e5 Nc6 5. Nf3 Nge7 ({Predecessor:} 5... Bd7 6. Na3 Nge7 7. Nc2 cxd4 8. cxd4 Nf5 9. Bd3 g6 10. O-O {½-½ (61) Mammadov,Z (2456)-Hasanzade,T (2306) Baku 2016}) 6. Na3 cxd4 (6... Nf5 7. Nc2 cxd4 {1-0 (46) Predke,A (2603)-Kalezic,B (2463) Sarajevo 2018}) 7. cxd4 Nf5 8. Nc2 Be7 9. Bd3 g6 {C02: French: Advance Variation} (9... O-O 10. O-O f6 11. Bd2 Bd7 12. Qe2 fxe5 13. dxe5 Rc8 14. Kh1 g6 15. g4 Ng7 16. Nfd4 Bc5 17. Nb3 {1-0 (46) Predke,A (2603)-Kalezic,B (2463) Sarajevo 2018}) 10. O-O Bd7 11. b3 ({Predecessor:} 11. h3 Qb6 12. g4 Ng7 13. Bh6 O-O 14. Qd2 f6 15. b3 Rad8 16. exf6 Bxf6 17. Rae1 {½-½ (61) Mammadov,Z (2456)-Hasanzade,T (2306) Baku 2016}) 11... Qb6 (11... Rc8 $11) 12. Bxf5 $16 gxf5 13. Bg5 O-O-O 14. Qd2 Rdg8 (14... Kb8 $142) 15. Bxe7 Nxe7 16. Rfc1 Kb8 17. Nce1 h5 18. Ng5 ({White should try} 18. Nd3) 18... Rg7 19. f4 h4 20. Rc3 Ng8 21. Qe3 a6 22. Rac1 Ka7 (22... Ne7 $16 {was called for.}) 23. Rc7 $18 f6 24. Nh3 Rhh7 25. a4 fxe5 26. fxe5 Nh6 (26... Be8 $16 27. R7c5 Bc6) 27. Nf4 h3 28. g3 ({Less strong is} 28. Nxh3 f4 $16) 28... Ng4 $2 (28... Qb4 29. Nc2 Ng4 30. Nxb4 Nxe3) 29. Qc3 Ka8 30. Nf3 Re7 $2 (30... a5 31. Rc5 Rg8 32. Rxa5+ Kb8) 31. a5 {[#] Rc8+! would kill now.White is clearly winning.} Qa7 32. Qb4 Qb8 33. Ng5 {[%mdl 64] Double Attack. Accuracy: White = 77%, Black = 21%.} 1-0

[Event "IM Marmaris Karia IV 2019"]
[Site "Marmaris"]
[Date "2019.01.31"]
[Round "9.5"]
[White "Alaz, Ahmet Efekan"]
[Black "Rzayev, Bahruz"]
[Result "1/2-1/2"]
[WhiteElo "2218"]
[BlackElo "2359"]
[Annotator "TA"]
[PlyCount "27"]
[EventDate "2019.01.27"]
[EventType "schev"]
[EventCountry "TUR"]
[SourceTitle "playchess.com"]
[Source "ChessBase"]
[SourceQuality "1"]

{[%evp 26,27,2,0]} 1. e4 c5 2. Nf3 Nc6 $146 ({Predecessor:} 2... e6 3. d4 cxd4 4. Nxd4 Nf6 5. Nc3 Nc6 6. Ndb5 d6 7. Bf4 e5 {½-½ (44) Eljanov,P (2703)-Schneider,I (2507) Douglas 2018}) 3. d4 cxd4 4. Nxd4 Nf6 5. Nc3 e5 6. Ndb5 d6 7. Bg5 a6 8. Na3 b5 9. Nd5 Qa5+ 10. Bd2 Qd8 11. Bg5 ({Predecessor:} 11. Bd3 Nxd5 12. exd5 Ne7 13. c4 g6 14. cxb5 Bg7 15. O-O O-O 16. Nc2 axb5 17. Bxb5 Rb8 18. a4 Nxd5 19. b4 Rxb5 20. axb5 Bb7 {½-½ (44) Eljanov,P (2703)-Schneider,I (2507) Douglas 2018}) 11... Qa5+ 12. Bd2 Qd8 13. Bg5 Qa5+ 14. Bd2 1/2-1/2

[Event "IM Marmaris Karia IV 2019"]
[Site "Marmaris"]
[Date "2019.01.31"]
[Round "10.1"]
[White "Haussernot, Cecile"]
[Black "Ahmadzada, Ahmad"]
[Result "0-1"]
[WhiteElo "2157"]
[BlackElo "2337"]
[Annotator "NA RC"]
[PlyCount "80"]
[EventDate "2019.01.27"]
[EventType "schev"]
[EventCountry "TUR"]
[SourceTitle "playchess.com"]
[Source "ChessBase"]
[SourceQuality "1"]
[TimeControl "5400+30"]

1. e4 {[%emt 0:01:30]} c5 {[%emt 0:00:30]} 2. Nf3 {[%emt 0:00:30]} e6 {[%emt 0:00:30]} 3. d4 {[%emt 0:00:00]} cxd4 {[%emt 0:00:00]} 4. Nxd4 {[%emt 0:00:00]} d6 {[%emt 0:00:00]} 5. Nc3 {[%emt 0:00:30]} Nc6 {[%emt 0:00:30]} 6. Be3 {[%emt 0:01:30]} Nf6 {[%emt 0:00:00]} 7. f3 {[%emt 0:06:30]} Be7 {[%emt 0:00:00]} 8. Qd2 $14 {[%emt 0:01:30]} O-O {[%emt 0:00:30]} 9. g4 {[%emt 0:06:30]} a6 {[%emt 0:04:30]} 10. g5 {[%emt 0:04:30]} Nd7 {[%emt 0:00:30]} 11. f4 {[%emt 0:01:30]} Nxd4 {[%emt 0:11:30]} 12. Qxd4 {[%emt 0:03:30]} b5 {[%emt 0:04:30]} 13. O-O-O {[%emt 0:06:30]} Bb7 {[%emt 0:02:30]} 14. Bg2 {[%emt 0:02:30]} Rc8 {[%emt 0:03:30]} 15. h4 {[%emt 0:02:30]} Qa5 {[%emt 0:03:30]} 16. Kb1 {[%emt 0:07:30]} Rc4 {[%emt 0:03:30]} 17. Qd3 {[%emt 0:00:30]} Rfc8 {[%emt 0:00:30]} 18. Ne2 {[%emt 0:10:30]} Rxc2 {[%emt 0:11:30]} 19. Bd2 {[%emt 0:00:30]} b4 {[%emt 0:01:30]} 20. Nd4 {[%emt 0:00:30]} R2c4 {[%emt 0:16:30]} 21. h5 {[%emt 0:02:30]} d5 {[%emt 0:21:57]} 22. Nb3 {[%emt 0:05:30]} Qb5 {[%emt 0:01:23]} 23. g6 {[%emt 0:04:30]} dxe4 {[%emt 0:01:03]} 24. gxf7+ {[%emt 0:00:30]} Kxf7 {[%emt 0:00:27]} 25. Qg3 {[%emt 0:00:30]} Nf6 {[%emt 0:00:53]} 26. Bf1 {[%emt 0:00:30]} e3 {[%emt 0:00:57]} 27. Bxc4 {[%emt 0:01:30]} Qxc4 {[%emt 0:00:35]} 28. Rhg1 {[%emt 0:00:30]} Nd5 {[%emt 0:05:46]} 29. Qxg7+ {[%emt 0:03:30]} Ke8 {[%emt 0:00:05]} 30. Nd4 {[%emt 0:04:30]} Qd3+ {[%emt 0:01:23]} 31. Ka1 {[%emt 0:00:30]} exd2 {[%emt 0:01:07]} 32. Qg8+ {[%emt 0:00:00]} Kd7 {[%emt 0:00:27]} 33. Qxe6+ {[%emt 0:00:00]} Kc7 {[%emt 0:00:26]} 34. Nf5 {[%emt 0:00:30]} Bf8 {[%emt 0:02:58]} 35. Rg3 {[%emt 0:03:30]} Qc2 {[%emt 0:01:11]} 36. Rg7+ {[%emt 0:00:30]} Kb8 {[%emt 0:00:05]} 37. Rxb7+ {[%emt 0:00:00]} Kxb7 {[%emt 0:00:03]} 38. Qxd5+ {[%emt 0:00:00]} Kb6 {[%emt 0:01:18]} 39. Qd4+ {[%emt 0:01:44]} Bc5 {[%emt 0:00:35]} 40. Qf6+ {[%emt 0:00:20]} Ka5 {[%emt 0:00:38]} 0-1